000 00703cam a22002533a 4500
001 24054
003 PGUSA
005 20140828083520.0
008 071227s2007||||xxu|||||s|||||000 1 eng d
040 _aPGUSA
_beng
042 _adc
050 4 _aPS
100 1 _aGarrett, Randall,
_d1927-1987
245 1 0 _aDead Giveaway
_h[electronic resource] /
_cRandall Garrett
260 _bProject Gutenberg,
_c2007
506 _aPublic domain in the USA.
516 _aElectronic text
653 _aExtinct cities -- Fiction
653 _aScience fiction
653 _aMissing persons -- Fiction
830 0 _aProject Gutenberg
_v24054
856 4 0 _uhttp://www.gutenberg.org/ebooks/24054
942 _cEB
999 _c253309
_d253309